000 01529cam a2200409 a 4500
001 2423
003 FISKH
005 20260116091201.0
008 980210s1999 nyua b 000 0aeng
010 _a 98012918
020 _a039923246X
020 _a9780698118645
040 _aDLC
_cDLC
_dDLC
_beng
042 _alcac
043 _an-us-ct
_an-us---
050 0 0 _aPS3554.E11474
_bZ473 1999
082 0 0 _a813/.54
_aB
_221
100 1 _aDePaola, Tomie,
_d1934-2020.
245 1 0 _a26 Fairmount Avenue /
_cWritten and illustrated by Tomie dePaola.
250 _aThis edition published in 2010
260 _aNew York :
_bPuffin Books,
_c1999
300 _a57, 10 pages :
_billustrations ;
_c20 cm
505 _aO
520 _aChildren's author-illustrator Tomie De Paola describes his experiences at home and in school when he was a boy.
521 8 _a640
_bLexile
521 8 _aO
_bRaz-Plus
600 1 0 _aDePaola, Tomie,
_d1934-2020
_xChildhood and youth
_vJuvenile literature.
600 1 0 _aDePaola, Tomie,
_d1934-2020
_xHomes and haunts
_zConnecticut
_zMeriden
_vJuvenile literature.
600 1 1 _aDePaola, Tomie,
_d1934-2020
_xChildhood and youth.
650 0 _aAuthors, American
_y20th century
_vBiography
_vJuvenile literature.
650 1 _aAuthors, American.
650 1 _aIllustrators.
651 0 _aMeriden (Conn.)
_xIntellectual life
_vJuvenile literature.
651 0 _aMeriden (Conn.)
_vBiography
_vJuvenile literature.
906 _a7
_bcbc
_corignew
_d1
_eocip
_f19
_gy-gencatlg
942 _2ddc
_cBK
_n0
999 _c2423
_d2423